| 000 | 01141nam a22002777a 4500 | ||
|---|---|---|---|
| 001 | 9493 | ||
| 003 | FISKH | ||
| 005 | 20260115093714.0 | ||
| 008 | 260115b cb ||||| |||| 00| 0 eng d | ||
| 040 |
_aFISKH _beng _cFISKH _dFISKH |
||
| 050 | _aPZ7 | ||
| 082 | _a813 | ||
| 100 |
_aAnderson, Paul _eAuthor |
||
| 245 |
_aYong Kee's wish / _cBy Paul Anderson ; illustrated by Bonnie Rutherford |
||
| 260 |
_aChicago : _bScience Research Associates , _c1972 |
||
| 300 |
_a20 pages : _bcolor illustrations ; _c21 cm |
||
| 505 | _aN | ||
| 520 | _aA Korean boy has a special way to make a wish come true. He weaves a doll out of straw and makes his wish on it. Then, on New Year's Eve, he leaves the doll in the road. If someone carries it off, his wish supposed to come true. Yong Kee knows what he wants: He wants a jiggy, a pack Koreans use to carry heavy loads. But will his wish come true? Will someone pick up his doll? | ||
| 521 | 8 |
_a570
_bLexile estimate |
|
| 521 | 8 |
_aN
_bRaz-Plus |
|
| 650 |
_aBoy _vFiction |
||
| 650 |
_aKorea _vTools |
||
| 700 |
_aRutherford, Bonnie _eIllustrator |
||
| 942 |
_2ddc _cBK _n0 |
||
| 999 |
_c9493 _d9493 |
||